[Event "Mlada Boleslav Region-ch U20"]
[Site "Mlada Boleslav"]
[Date "2012.06.24"]
[Round "6"]
[White "Houda, Ondrej"]
[Black "Elias, Jakub"]
[Result "0-1"]
[WhiteElo "1000"]
[BlackElo "1250"]
[PlyCount "96"]
[EventDate "2012.06.23"]
[EventType "swiss"]
[EventRounds "7"]
[EventCountry "CZE"]
[SourceTitle "EXT 2014"]
[Source "ChessBase"]
[SourceDate "2013.11.20"]
[SourceVersion "1"]
[SourceVersionDate "2013.11.20"]
[SourceQuality "1"]

1. e4 e5 2. Nf3 Nc6 3. Bc4 Nf6 4. Nc3 Bc5 5. d3 0-0 6. 0-0 d6 7. Bg5 Be6 8. Bxe6 fxe6 9. Bxf6 Qxf6 10. Na4 Bb6 11. Nxb6 axb6 12. a3 Ne7 13. Qe2 Ng6 14. g3 Qxf3 15. Qxf3 Rxf3 16. Rae1 Raf8 17. Re2 h5 18. Re3 Rxe3 19. fxe3 Rxf1+ 20. Kxf1 d5 21. exd5 exd5 22. Ke2 h4 23. gxh4 Nxh4 24. d4 e4 25. b3 Nf3 26. Kf2 Nxh2 27. c4 Ng4+ 28. Ke2 dxc4 29. bxc4 g5 30. d5 Ne5 31. Kd2 Nxc4+ 32. Kc3 Nxa3 33. Kd4 g4 34. Kxe4 b5 35. Kf4 b4 36. e4 b3 37. e5 b2 38. e6 b1Q 39. e7 Qe1 40. Kg5 Qxe7+ 41. Kxg4 Qe4+ 42. Kg5 Qxd5+ 43. Kg6 Nc2 44. Kf6 Nd4 45. Kg6 Ne6 46. Kf6 Kf8 47. Kg6 Qg5+ 48. Kh7 Qg7# 0-1